| 000 | 00362nam a22001457a 4500 | ||
|---|---|---|---|
| 999 |
_c15689 _d15689 |
||
| 003 | OSt | ||
| 008 | 190528b ||||| |||| 00| 0 eng d | ||
| 020 | _a9788177545333 | ||
| 082 |
_a631.584 _bHAJ/MA |
||
| 100 |
_aHajra, Nikhil Ghosh. _94180 |
||
| 245 | _aManual for Organic Farming | ||
| 260 |
_aJodhpur _bAgrobios (India) _c2014 |
||
| 300 | _a271 p. | ||
| 942 | _cBK | ||